000 00721nam a2200205Ii 4500
003 JO-AjNU
008 230605s9999||||xx |||||||||||||| ||und||
040 _aJO-AjNU
_bara
_erda
_cJO-AjNU
041 _aara
050 1 4 _aQ124 .8 .O26 1989
100 3 _aاوبورن، هيس ؛ ترجمة احمد الحسيني ؛ مراجعة منتصر عبد الحليم ,
_eauthor
_938431
245 0 0 _aدائرة معارف العلوم، الجزء الثاني
250 _aط2
264 3 1 _aالقاهرة:دائرة المعارف ،1989
300 _aج2، 832ص
336 _atext
_btxt
_2rdacontent
337 _aunmediated
_bn
_2rdamedia
338 _avolume
_bnc
_2rdacarrier
650 4 _aعلوم عامة
_938432
999 _aA16146
_c19714
_d19714